[Event "GBR-ch U1750 op 104th"]
[Site "Llandudno"]
[Date "2017.07.31"]
[Round "1"]
[White "Chadwick, Susan E"]
[Black "Fowler, David J"]
[Result "0-1"]
[WhiteElo "1489"]
[BlackElo "1659"]
[PlyCount "60"]
[EventDate "2017.07.31"]
[EventType "swiss"]
[EventRounds "5"]
[EventCountry "WLS"]
[SourceTitle "EXT 2019"]
[Source "ChessBase"]
[SourceDate "2018.10.10"]
[SourceVersion "1"]
[SourceVersionDate "2018.10.10"]
[SourceQuality "1"]

1. d4 e6 2. c4 Nf6 3. Nc3 c5 4. d5 exd5 5. cxd5 d6 6. g3 g6 7. Bg2 Bg7 8. Nf3 a6 9. a4 0-0 10. 0-0 Re8 11. Re1 Nbd7 12. e4 Ne5 13. Rb1 Bg4 14. h3 Nxf3+ 15. Bxf3 Bxh3 16. Bf4 Qd7 17. Kh2 Bg4 18. e5 dxe5 19. Rxe5 Rxe5 20. Bxe5 Bxf3 21. Qxf3 Ng4+ 22. Kg2 Nxe5 23. Qe3 Rc8 24. Rd1 Ng4 25. Qf4 Be5 26. Qf3 f5 27. Qe2 Bd4 28. Qc4 Qd6 29. Re1 Ne5 30. f4 Nxc4 0-1

[Event "BCF-ch Yates op"]
[Site "Coventry"]
[Date "2015.08.02"]
[Round "4"]
[White "Chadwick, Susan E"]
[Black "Marks, Robert"]
[Result "0-1"]
[WhiteElo "1402"]
[BlackElo "122"]
[PlyCount "115"]
[EventDate "2015.07.31"]
[EventType "swiss"]
[EventRounds "5"]
[EventCountry "ENG"]
[SourceTitle "CBM 167 Extra"]
[Source "ChessBase"]
[SourceDate "2015.09.14"]
[SourceVersion "1"]
[SourceVersionDate "2015.09.14"]
[SourceQuality "1"]

1. d4 Nf6 2. c4 g6 3. Nc3 Bg7 4. e4 d6 5. Nf3 Nbd7 6. Be2 0-0 7. 0-0 c6 8. b4 c5 9. bxc5 dxc5 10. Rb1 cxd4 11. Nxd4 e5 12. Ndb5 a6 13. Nd6 Nc5 14. Ba3 Qc7 15. Bxc5 Qxc5 16. Nxb7 Bxb7 17. Rxb7 Qd4 18. Qc2 Rfd8 19. Rd1 Qc5 20. Rxd8+ Rxd8 21. Nd5 Nxd5 22. exd5 Rxd5 23. Qb3 Rd2 24. Qf3 f5 25. Rb8+ Bf8 26. Bf1 Rxa2 27. Qd5+ Qxd5 28. cxd5 a5 29. g3 Rd2 30. Ra8 Ra2 31. d6 Rd2 32. Bc4+ Kg7 33. Ra7+ Kh6 34. d7 Bc5 35. Rxa5 Bxf2+ 36. Kf1 Bb6 37. Rd5 Rxd5 38. Bxd5 Kg5 39. h3 h5 40. Ke2 h4 41. gxh4+ Kxh4 42. Bg2 Kg3 43. Bf1 f4 44. Kd3 Kf2 45. Be2 f3 46. Bd1 Kg2 47. Ke4 f2 48. Be2 f1Q 49. Bxf1+ Kxf1 50. Kxe5 g5 51. Kf5 Bd8 52. Kg4 Kg2 53. Kf5 Kxh3 54. Ke6 g4 55. Kf7 g3 56. Ke8 Bb6 57. d8Q Bxd8 58. Kxd8 0-1

[Event "Amersham e2e4 Major op"]
[Site "Amersham"]
[Date "2012.05.19"]
[Round "2"]
[White "Wiggins, Andrew"]
[Black "Chadwick, Susan E"]
[Result "1-0"]
[WhiteElo "1702"]
[BlackElo "1361"]
[PlyCount "67"]
[EventDate "2012.05.18"]
[EventType "swiss"]
[EventRounds "5"]
[EventCountry "ENG"]
[SourceTitle "EXT 2014"]
[Source "ChessBase"]
[SourceDate "2013.11.20"]
[SourceVersion "1"]
[SourceVersionDate "2013.11.20"]
[SourceQuality "1"]

1. d4 d5 2. c4 c6 3. cxd5 cxd5 4. Nc3 Nf6 5. Bf4 e6 6. e3 Be7 7. Bd3 Bd7 8. Nf3 Bc6 9. 0-0 0-0 10. Rc1 Nbd7 11. Qe2 a6 12. h3 Ne4 13. a3 Rc8 14. Bh2 b5 15. Rc2 Nb6 16. Rfc1 Nc4 17. Ne5 Nxe5 18. Bxe5 Bd6 19. Bxd6 Qxd6 20. Nxe4 dxe4 21. Bxe4 Bd7 22. Rxc8 Rxc8 23. Rxc8+ Bxc8 24. Qc2 Bd7 25. Bxh7+ Kh8 26. Be4 f5 27. Bf3 g6 28. b4 Kh7 29. Qc5 Qxc5 30. dxc5 e5 31. Bb7 Kg7 32. c6 Bxc6 33. Bxc6 Kf7 34. Bb7 1-0